000 00555nam a22001697a 4500
003 OSt
008 260508b |||||||| |||| 00| 0 eng d
020 _a9789364404150
082 _a307.72
_bM74T
100 _aMondal, Sagar
245 _aTextbook of Rural Sociology and Educational Psychology : theory and practice / by Sagar Mondal
250 _a3rd rev. ed.
260 _aLudhiana :
_bKalyani Publishers;
_c2025.
300 _a(1.1-16.10) p.
650 _aSocial Sciences | Sociology | Rural Sociology | Educational Psychology
942 _2ddc
_cBK
999 _c50504
_d50504